=LDR 00000nam 2200000 4500 =001 INLIS000000000037516 =005 20130612143239 =008 ***********************************Ind** =035 ##$$0010-061300000037516 =041 ##$$a Ind =082 ##$$a 2x7.3 =090 ##$$a 2x7.3, Ama b =100 ##$$a Aman, H Saifuddin =245 ##$$a Belajar Islam bersma Ayah dan Bunda, H. Saifuddin Aman =260 ##$$a 2010 $b Jakarta =300 ##$$a 176 hlm, ilus, 24 cm =850 ##$$a NBPNMAT =990 ##$$a 21601562/BPAP-NTB/2017